Online Catalogue and eLibrary

Kanda pamula (Record no. 5321)

MARC details
000 -LEADER
fixed length control field 00383nam a2200157Ia 4500
005 - DATE AND TIME OF LATEST TRANSACTION
control field 20250411024347.0
008 - FIXED-LENGTH DATA ELEMENTS--GENERAL INFORMATION
fixed length control field 240331s9999 xx 000 0 und d
020 ## - INTERNATIONAL STANDARD BOOK NUMBER
ISBN 9555514501
082 ## - DDC Classification
Item Number - Author Mark SUR
Class No. 891
100 ## - MAIN ENTRY--PERSONAL NAME
Personal name Suriarachchi,K
245 #0 - TITLE STATEMENT
Title Kanda pamula
260 ## - PUBLICATION, DISTRIBUTION, ETC.
Place of publication, distribution, etc. Colombo
Name of publisher, distributor, etc. Dayawansa Jayakody & Company
Date of publication, distribution, etc. 2006
300 ## - PHYSICAL DESCRIPTION
Extent (e.g. Volumes, Pages etc.) 239 p .,
650 ## - SUBJECT ADDED ENTRY--TOPICAL TERM
Topical term or geographic name entry element A Sinhala Novel
942 ## - Koha item type (Biblio)
Koha item type Books in Stacks (Lending)
Holdings
Lost status Damaged status Collection code Home library Current library Shelving location Date acquired Full call number Accession Number Item type
    Lending WERC Library WERC Library Social Science Cupboard 03/31/2024 891.48 SUR 6035 Books in Stacks (Lending)

© WERC Library